000 02663cas a2200577 a 4500
001 14110907
003 OSt
005 20230605093805.0
006 m o d
007 cr cnu||||||||
008 041013c19879999nyuqr p o 0 a0eng c
010 _a 2005214713
015 _aGBB5I2591
_2bnb
016 _a009858739
016 7 _a009858739
_2Uk
022 0 _a1558-0970
_l0891-1916
_21
035 _a(OCoLC)ocm56721622
037 _bM.E. Sharpe, Inc., 80 Business Park Dr., Armonk, NY 10504
040 _aF#A
_beng
_epn
_cF#A
_dOCLCQ
_dNSD
_dMUQ
_dOCLCQ
_dEYM
_dHUL
_dEYM
_dOCLCQ
_dDLC
_dOCLCF
_dOCLCO
_dUMC
_dOCLCE
_dUKMGB
_dOCLCQ
_dVT2
_dOCLCQ
_dWT2
_dZAC
_dNLE
_dDLC
_dOCLCQ
_dAU@
_dW2U
_dOCLCQ
_dLDP
_dOCLCO
_dOCLCQ
042 _apcc
_ansdp
_adlr
082 1 0 _a320.0519
_bIJP
222 0 _aInternational journal of political economy
_b(Online)
245 0 0 _aInternational journal of political economy.
246 1 _iIssues for spring 2004- have subtitle:
_aIJPE
260 _aArmonk, NY :
_bM.E. Sharpe,
_c©1987-
300 _a160p
310 _aQuarterly
336 _atext
_btxt
_2rdacontent
337 _acomputer
_bc
_2rdamedia
338 _aonline resource
_bcr
_2rdacarrier
362 1 _aBegan with vol. 17, no. 1 (spring 1987).
506 _3Use copy
_fRestrictions unspecified
_2star
_5MiAaHDL
533 _aElectronic reproduction.
_b[Place of publication not identified] :
_cHathiTrust Digital Library,
_d2010.
_5MiAaHDL
538 _aMaster and use copy. Digital master created according to Benchmark for Faithful Digital Reproductions of Monographs and Serials, Version 1. Digital Library Federation, December 2002.
_uhttp://purl.oclc.org/DLF/benchrepro0212
_5MiAaHDL
583 1 _adigitized
_c2010
_hHathiTrust Digital Library
_lcommitted to preserve
_2pda
_5MiAaHDL
588 0 _aVol. 17, no. 1 (spring 1987); title from issue cover (JSTOR, viewed May 25, 2011).
588 1 _aVol. 46, issue 4 (2017) (Taylor & Francis Online viewed April 10, 2018).
650 0 _aPolitical science
_vPeriodicals.
650 6 _aScience politique
_vPériodiques.
650 7 _aPolitical Economy.
_2ebps
650 7 _aPolitical science.
_2fast
_0(OCoLC)fst01069781
650 1 7 _aInternationale betrekkingen.
_2gtt
650 1 7 _aEconomie.
_2gtt
655 7 _aPeriodicals.
_2fast
_0(OCoLC)fst01411641
776 0 8 _iPrint version:
_tInternational journal of political economy
_x0891-1916
_w(DLC) 87644162
_w(OCoLC)14639715
780 0 0 _tInternational journal of politics
_x2327-607X
_w(DLC) 2011235392
_w(OCoLC)567905712
906 _a7
_bcbc
_csercoop
_d2
_encip
_f20
_gn-oclcserc
942 _2ddc
_cBK
999 _c240
_d240